[Event "Harrogate 4NCL op-C 27th"]
[Site "Harrogate"]
[Date "2022.01.22"]
[Round "2"]
[White "Coleman, Patrick N"]
[Black "Edgar, Barry"]
[Result "1/2-1/2"]
[WhiteElo "1531"]
[BlackElo "1615"]
[PlyCount "45"]
[EventDate "2022.01.21"]
[EventType "swiss"]
[EventRounds "5"]
[EventCountry "ENG"]
[SourceTitle "CBM 206 Extra"]
[Source "ChessBase"]
[SourceDate "2022.03.31"]
[SourceVersion "1"]
[SourceVersionDate "2022.03.31"]
[SourceQuality "1"]

1. d4 Nf6 2. c4 c5 3. e3 g6 4. Nf3 Bg7 5. Nc3 0-0 6. Be2 cxd4 7. exd4 d5 8. Be3 Nc6 9. 0-0 e6 10. Rc1 b6 11. Qd2 Bb7 12. b3 Rc8 13. Bg5 Qd7 14. Bxf6 Bxf6 15. cxd5 exd5 16. Bb5 a6 17. Be2 b5 18. Rfe1 Qd6 19. Bf1 Rfe8 20. g3 Re6 21. Bh3 Rxe1+ 22. Rxe1 Rd8 23. Bg2 1/2-1/2